000 00498nam a2200181Ia 4500
999 _c79
_d79
003 OSt
005 20201223145224.0
008 190216s9999||||xx |||||||||||||| ||und||
040 _coclc
082 _a297.1241
_bMOU/S
100 _aMoulavi, C N Ahmed
_91885
245 0 _aSaheehul Bukhari /
_cC N Ahmed Moulavi
250 _a1st Ed.
260 _bAlhuda Publications,
_aKozhikode:
300 _a760p
650 _aArabic
942 _cBK
_2ddc
_h297.1241
_iMOU/S
_k297.1241
_mMOU/S